000 00508nam a2200145Ia 4500
008 140724s9999 xx 000 0 und d
050 _aQA 76.76.A65
_b.M672 2010
100 _aMiranda Jr, Romeo R.
245 _aStudent information system of Saint Francis of Assis College /
_cRomeo R. Miranada Jr.
260 _aLas PiƱas, Philippines :
_bSouthville International School and Colleges,
_cc2010.
300 _a36 p. :
_bill. ;
_c28 cm.
521 _aInformation Technology
942 _cTH
999 _c228726
_d228726